000 02544njm a2200445Ia 4500
001 73446
003 IT-RoPAU
005 20220918181118.0
008 131025s9999 xx 000 0 und d
040 _aIT-RoPAU
040 _cIT-RoPAU
041 _aPOLACCO
999 _c99593
_d99593
999 _bn.d.
100 _aAA.VV.
_9794
100 _eAutore musica
_925044
100 _gCodice autore musica SPICS: 12000
_9796
245 _aMaly Szu (Lp Sx 2507)
250 _a1a ed.
260 _aPOLONIA
260 _bMUZA
_c1987 [1a Ed.:1987 - Ed. Lingua Orig.: 1987]
300 _aDISCO
300 _c44 minuti (Testo: 0 pag.)
500 _aMusica leggera polacca. Canzone polacca
505 _aWszystko Lub Nic (5:00) - Jesli Jestes (6:00) - Gdybys Byl Podniebnym Ptakiem (5:00) - Maly Szu (5:00) - Tonight I Celebrate My Love (4:00) - Dom. Pies I On (3:00) - W Drodze Do Fontainebleau (5:00) - Liryczny Taniec (5:00) - Cos Smiesznego (5:00) - Summer Nights (5:00)
650 _aCANZONE POLACCA [DISCHI]
_eCodice MATERIA SPICS: 9950
_925045
700 _aKukulski J.
_dCodice autore musica SPICS: 25065
_eAutore musica
_pWszystko Lub Nic
_925046
700 _aKondratowicz J.
_dCodice autore testo/musica SPICS: 25196
_eAutore testo/musica
_pWszystko Lub Nic - W Drodze Do Fontainebleau - Cos Smiesznego
_925047
700 _aSzularz Z.
_dCodice autore musica SPICS: 25465
_eAutore musica
_pJesli Jestes
_925048
700 _aBukowski J.
_dCodice autore testo/musica SPICS: 25552
_eAutore testo/musica
_pJesli Jestes - Gdybys Byl Podniebnym Ptakiem
_925049
700 _aMec B.
_dCodice autore musica SPICS: 25466
_eAutore musica
_pGdybys Byl Podniebnym Ptakiem - Dom. Pies I On
_925050
700 _aLatalski M.
_dCodice autore musica SPICS: 25467
_eAutore musica
_pMaly Szu - Liryczny Taniec
_925051
700 _aKurylo A.
_dCodice autore testo/musica SPICS: 25489
_eAutore testo/musica
_pMaly Szu - Dom. Pies I On - Liryczny Taniec
_925052
700 _aMasser M.
_dCodice autore musica SPICS: 15522
_eAutore musica
_pTonight I Celebrate My Love
_925053
700 _aPawlikowski A.
_dCodice autore musica SPICS: 25468
_eAutore musica
_pDom. Pies I On
_925054
700 _aGorny Z.
_dCodice autore musica SPICS: 25408
_eAutore musica
_pW Drodze Do Fontainebleau
_925055
700 _aKopff A.
_dCodice autore musica SPICS: 25067
_eAutore musica
_pCos Smiesznego
_925056
700 _aKacperski W.
_dCodice autore musica SPICS: 25432
_eAutore musica
_pSummer Nights
_925057
700 _aBiel N.
_dCodice autore SPICS: 25491
_eAutore
_pSummer Nights
_925058
942 _cMD
_2ddc